| 000 | 00674nab a2200241 a 4500 | ||
|---|---|---|---|
| 001 | 55655 | ||
| 003 | 126478 | ||
| 005 | 20201118103139.0 | ||
| 008 | ||||||n9999 ||| || || | ||
| 041 | _aspa | ||
| 100 | _aEchavarria Olózaga, Hernan, 1911-2006 | ||
| 245 | 0 | _aColombia, triunfo el conservatismo liberal frente al liberalismo populista | |
| 260 |
_aMéxico : _bEditorial Proliber, _c1998. |
||
| 300 | _app.6-7 | ||
| 562 | _e0 | ||
| 650 | _aCOLOMBIA | ||
| 650 | _aENTREVISTA | ||
| 650 | _aIMPACTO POLITICO | ||
| 650 | _aPRESIDENCIA DE LA REPUBLICA | ||
| 650 | _aRESULTADOS ELECTORALES | ||
| 773 |
_055018 _aPerfiles Liberales - No.60 |
||
| 942 | _cSART | ||
| 999 |
_c55655 _d55655 |
||